000 00673nam a22002417a 4500
003 CHAP
005 20220329134021.0
008 971013s r 00010 d
010 _a14162
011 _a15134
035 _a19208
040 _cCHAP
090 _aR-960
100 0 0 _aBella, I. E.
_911372
245 _aHigh total productivity of a young aspen standin Manitoba
500 _aSobretiro de : Woodlans review 1967, pp.2-3
590 _aBATCH-UPD
_b10
_c20130110
_lUCH01
_h2151
590 _aCONVERSION
_b10
_c20130109
_lUCH01
_h1309
650 1 4 _aPopulus (Madera)
_990922
901 _aBK
942 _cREIMP
949 _aR-960
_bBC
_cR
_d-44556
_eTS1
_i19208
_si
999 _c14162
_d14162